000 00776nam a2200253Ia 4500
003 OSt
005 20220923213704.0
006 a|||||r|||| 00| 0
007 ta
008 220922b |||||||| |||| 00| 0 hin d
024 _a164,039
037 _cTextual
040 _aARTS
_cARTS
_bhin
041 _2hin
_ahin
082 _aO152,1N195x, L3
100 _aजैन, नेमिचन्द्र
245 0 _aएकान्त
246 _aEkānta
260 _aदिल्ली
_b भारतीय ज्ञानपीठ
_c1973
300 _a127 पृ.
_ccm.
650 _aहिन्दी साहित्य
_9156264
942 _hO152,1N195x, L3
_cTEXL
_2CC
999 _c318519
_d318519